Sports Quiz

Random Sports or Sporcle Quiz

2016 NFL Sporcle Poll: NFC Home Games CLOSED Quiz Stats

 Plays Quiz not verified by Sporcle

Score 0/128 Timer 20:00
0 Plays Today
Game Winner (Team Name Only, No City) % Correct
WEEK 1: Buccaneers @ Falcons???
80%
WEEK 1: Browns @ Eagles???
72%
WEEK 1: Dolphins @ Seahawks???
72%
WEEK 2: Buccaneers @ Cardinals???
72%
WEEK 2: 49ers @ Panthers???
68%
WEEK 3: Lions @ Packers???
64%
WEEK 3: Vikings @ Panthers???
64%
WEEK 3: 49ers @ Seahawks???
64%
WEEK 4: Browns @ Redskins???
64%
WEEK 2: Cowboys @ Redskins???
60%
WEEK 2: Titans @ Lions???
60%
WEEK 3: Redskins @ Giants ???
60%
WEEK 5: Giants @ Packers (SN)???
60%
WEEK 5: Buccaneers @ Panthers (Mon)???
60%
WEEK 6: Falcons @ Seahawks???
60%
WEEK 6: Cowboys @ Packers???
60%
WEEK 7: Bears @ Packers (Thu)???
60%
WEEK 9: Bills @ Seahawks (Mon)???
60%
WEEK 10: 49ers @ Cardinals???
60%
WEEK 14: Chargers @ Panthers???
60%
WEEK 15: Lions @ Giants???
60%
WEEK 15: Saints @ Cardinals???
60%
WEEK 16: Falcons @ Panthers (Sat)???
60%
WEEK 16: Cardinals @ Seahawks (Sat)???
60%
WEEK 16: 49ers @ Rams (Sat)???
60%
WEEK 1: Patriots @ Cardinals (SN)???
56%
WEEK 2: Saints @ Giants???
56%
WEEK 3: Rams @ Buccaneers???
56%
WEEK 3: Bears @ Cowboys (SN)???
56%
WEEK 4: Rams @ Cardinals???
56%
WEEK 6: Eagles @ Redskins???
56%
WEEK 6: Jets @ Cardinals (Mon)???
56%
WEEK 9: Eagles @ Giants???
56%
WEEK 11: Saints @ Panthers (Thu)???
56%
WEEK 11: Bears @ Giants???
56%
WEEK 11: Eagles @ Seahawks???
56%
WEEK 13: Lions @ Saints???
56%
WEEK 13: Redskins @ Cardinals???
56%
WEEK 14: Seahawks @ Packers???
56%
WEEK 14: Cowboys @ Giants (SN)???
56%
WEEK 15: Rams @ Seahawks (Thu)???
56%
WEEK 15: Buccaneers @ Cowboys???
56%
WEEK 15: 49ers @ Falcons???
56%
Game Winner (Team Name Only, No City) % Correct
WEEK 16: Buccaneers @ Saints (Sat)???
56%
WEEK 16: Vikings @ Packers (Sat)???
56%
WEEK 17: Bears @ Vikings???
56%
WEEK 4: Giants @ Vikings (Mon)???
52%
WEEK 7: Chargers @ Falcons???
52%
WEEK 7: Seahawks @ Cardinals (SN)???
52%
WEEK 8: Cardinals @ Panthers???
52%
WEEK 10: Chiefs @ Panthers???
52%
WEEK 13: Texans @ Packers???
52%
WEEK 13: Panthers @ Seahawks (SN)???
52%
WEEK 14: Bears @ Lions???
52%
WEEK 3: Falcons @ Saints (Mon)???
48%
WEEK 5: Texans @ Vikings???
48%
WEEK 9: Lions @ Vikings???
48%
WEEK 9: Colts @ Packers???
48%
WEEK 11: Ravens @ Cowboys???
48%
WEEK 11: Dolphins @ Rams???
48%
WEEK 12: Redskins @ Cowboys (Thanks)???
48%
WEEK 12: Rams @ Saints???
48%
WEEK 13: Cowboys @ Vikings (Thu)???
48%
WEEK 13: 49ers @ Bears???
48%
WEEK 14: Saints @ Buccaneers???
48%
WEEK 14: Falcons @ Rams???
48%
WEEK 16: Lions @ Cowboys (Mon)???
48%
WEEK 5: Eagles @ Lions???
44%
WEEK 6: Rams @ Lions???
44%
WEEK 16: Giants @ Eagles (Thu)???
44%
WEEK 4: Lions @ Bears???
40%
WEEK 5: Bills @ Rams???
40%
WEEK 6: Ravens @ Giants???
40%
WEEK 9: Falcons @ Buccaneers (Thu)???
40%
WEEK 10: Falcons @ Eagles???
40%
WEEK 10: Bears @ Buccaneers???
40%
WEEK 12: Titans @ Bears???
40%
WEEK 14: Redskins @ Eagles???
40%
WEEK 15: Colts @ Vikings???
40%
WEEK 17: Saints @ Falcons???
40%
WEEK 1: Raiders @ Saints???
36%
WEEK 8: Eagles @ Cowboys (SN)???
36%
WEEK 10: Broncos @ Saints???
36%
WEEK 11: Jaguars @ Lions???
36%
WEEK 12: Vikings @ Lions (Thanks)???
36%
WEEK 17: Giants @ Redskins???
36%
Game Winner (Team Name Only, No City) % Correct
WEEK 17: Cowboys @ Eagles???
36%
WEEK 2: Packers @ Vikings (SN)???
32%
WEEK 2: Eagles @ Bears (Mon)???
32%
WEEK 4: Broncos @ Buccaneers???
32%
WEEK 7: Giants @ Rams (London)???
32%
WEEK 7: Redskins @ Lions???
32%
WEEK 14: Jets @ 49ers???
32%
WEEK 17: Cardinals @ Rams???
32%
WEEK 10: Vikings @ Redskins???
28%
WEEK 12: Cardinals @ Falcons???
28%
WEEK 13: Chiefs @ Falcons???
28%
WEEK 1: Giants @ Cowboys???
24%
WEEK 3: Steelers @ Eagles???
24%
WEEK 7: Vikings @ Eagles???
24%
WEEK 7: Buccaneers @ 49ers???
24%
WEEK 8: Vikings @ Bears (Mon)???
24%
WEEK 10: Bengals @ Giants (Mon)???
24%
WEEK 11: Packers @ Redskins (SN)???
24%
WEEK 12: Seahawks @ Buccaneers???
24%
WEEK 12: Packers @ Eagles (Mon)???
24%
WEEK 16: Redskins @ Bears (Sat)???
24%
WEEK 1: Steelers @ Redskins (Mon)???
20%
WEEK 1: Rams @ 49ers???
20%
WEEK 2: Seahawks @ Rams???
20%
WEEK 4: Panthers @ Falcons???
20%
WEEK 4: Cowboys @ 49ers???
20%
WEEK 6: Jaguars @ Bears???
20%
WEEK 8: Raiders @ Buccaneers???
20%
WEEK 8: Seahawks @ Saints???
20%
WEEK 9: Saints @ 49ers???
20%
WEEK 9: Panthers @ Rams???
20%
WEEK 11: Cardinals @ Vikings???
20%
WEEK 15: Packers @ Bears???
20%
WEEK 17: Panthers @ Buccaneers???
20%
WEEK 17: Seahawks @ 49ers???
20%
WEEK 15: Panthers @ Redskins (Mon)???
16%
WEEK 17: Packers @ Lions???
16%
WEEK 6: Panthers @ Saints ???
12%
WEEK 5: Bengals @ Cowboys???
8%
WEEK 8: Packers @ Falcons???
8%
WEEK 11: Patriots @ 49ers???
8%
WEEK 5: Cardinals @ 49ers (Thu)???
4%

You're not logged in!

Compare scores with friends on all Sporcle quizzes.
Join for Free
OR
Log In

You Might Also Like...

Show Comments

Extras

Top Quizzes Today


Score Distribution

Your Account Isn't Verified!

In order to create a playlist on Sporcle, you need to verify the email address you used during registration. Go to your Sporcle Settings to finish the process.

Report this User

Report this user for behavior that violates our Community Guidelines.

Details: